Music Quiz

Random Music or Lyrics Quiz

Three Days Grace Songs Quiz Stats

 Plays Quiz not verified by Sporcle

Support Sporcle.
Go Orange.
Score 0/20 Timer 10:00
0 Plays Today
Lyrics Song Name % Correct
By every silent scream we make...I Hate Everything About You
97.4%
We are the ones...One-X
82.1%
You're not the only one refusing to go down...Riot
82.1%
We had fire in our eyes...Let It Die
79.5%
Living in a shell with no soul...World So Cold
74.4%
So I won't turn out like you want me to...Just Like You
69.2%
But tonight she won't go unnoticed...Bully
66.7%
So here I go again...Over And Over
61.5%
I'll get lost if you want me to...Lost In You
59%
Because of you my mind is always racing...It's All Over
53.8%
Lyrics Song Name % Correct
But I just can't give it up...Break
51.3%
I always wanted it this way...The Good Life
51.3%
Just let me clear my head...Bitter Taste
46.2%
Am I to blame, when the guilt and the shame hang over me?Someone Who Cares
43.6%
Now it seems I'm fading...Take Me Under
41%
I can fight the fire, but I can't fight the fear...No More
38.5%
Now's the time for us to lose...Now Or Never
38.5%
The weakness starts to show...Overrated
35.9%
Switch the shoes and you won't change...Hate It When
7.7%
Strangely thought of all the things...In Front Of Me
7.7%

You're not logged in!

Compare scores with friends on all Sporcle quizzes.
OR
Log In

From the Vault

Remove Ads.
Support Sporcle.
Get the best of Sporcle when you Go Orange. This ad-free experience offers more features, more stats, and more fun while also helping to support Sporcle. Thank you for becoming a member.

Show Comments

Extras

Created Feb 21, 2011ReportNominate
Tags:Lyrics Quiz, Rock Quiz

Top Quizzes Today


Score Distribution

Your Account Isn't Verified!

In order to create a playlist on Sporcle, you need to verify the email address you used during registration. Go to your Sporcle Settings to finish the process.

Report this User

Report this user for behavior that violates our Community Guidelines.

Details: